Quartieri di Torino su una Mappa - Statistics

Statistiche generali
  • Questo quiz è stato fatto 151 volte
  • Il punteggio medio è 15 su 34
Risposte nella Mappa
Le risposte nella mappa del quiz sottostante sono codificate secondo una scala di colori dal rosso al verde in base alla % di persone che hanno risposto correttamente.
 
Statistiche sulle risposte
N Risposta % Corretto
6 Barriera Di Milano
82%
1 Centro
82%
8 San Salvario
80%
1 Crocetta
71%
8 Lingotto
71%
2 Mirafiori Sud
71%
7 Vanchiglia
71%
2 Mirafiori Nord
67%
2 Santa Rita
67%
7 Aurora
59%
3 Cit Turin
56%
4 Parella
48%
3 Pozzo Strada
47%
5 Vallette
47%
3 Cenisia
42%
4 San Donato
40%
7 Sassi
40%
8 Borgo Po
39%
5 Madonna Di Campagna
39%
6 Falchera
38%
5 Borgo Vittoria
36%
3 Borgo San Paolo
35%
6 Rebaudengo
33%
8 Cavoretto
32%
8 Nizza Millefonti
32%
6 Regio Parco
32%
6 Barca
31%
5 Lucento
31%
4 Campidoglio
28%
7 Madonna Del Pilone
26%
6 Bertolla
22%
3 Borgata Lesna
21%
8 Filadelfia
20%
6 Villaretto
13%
Nessun quiz corrispondente trovato
Distribuzione punteggi
Percentuale di utenti per punteggio
Percentile per numero di risposta
I tuoi punteggi nel tempo
Non hai fatto questo quiz